ბათუმის შოთა რუსთაველის სახელმწიფო უნივერსიტეტის ბიბლიოთეკა

ჟამი კითხულისა ; ჩივილი ; შვიდი ხმისა და ტოროლასათვის / (ბიბ.ჩანაწერი № 39971)

000 -ლიდერი
ფიქსირებული სიგრძის საკონტროლო ველი 01195nam a2200265Ia 4500
001 - საკონტროლო ნომერი
საკონტროლო ველი 6577
003 - საკონტროლო ნომრის იდენტიფიკატორი
საკონტროლო ველი GE_BSU
005 - ბოლო ოპერაციის თარიღი და დრო
საკონტროლო ველი 20191018153936.0
008 - ფიქსირებული სიგრძის მონაცემთა ელემენტები - ზოგადი ინფორმაცია
ფიქსირებული სიგრძის საკონტროლო ველი 181216s1987||||ge |||||||||||||| ||geo||
040 ## - კატალოგიზაციის წყარო
Transcribing agency GE_BSU
041 ## - ენის კოდი
Language code of text/sound track or separate title geo
080 ## - უნივერსალური ათობითი კლასიფიკაციის ინდექსი
Universal Decimal Classification number 821.353.1-31 ბ-65
100 ## - მთავარი ჩანაწერი - პიროვნების სახელი
Personal name ბიბილური, თამაზ
9 (RLIN) 4829
245 ## - ცნობა სათაურის შესახებ
Title ჟამი კითხულისა ; ჩივილი ; შვიდი ხმისა და ტოროლასათვის /
Statement of responsibility, etc თამაზ ბიბილური ; რედ. ნ. ინასარიძე ; მხატვ. კ. ფაჩულია.
264 ## - წარმოების, გამოცემის, დისტრიბუციის და სხვა ცნობები
გამოცემის, წარმოების, დისტრიბუციის... ადგილი თბილისი :
გამოცემის, წარმოების, დისტრიბუციის... სახელწოდება საბჭ.საქართველო ;
გამოცემის, წარმოების, დისტრიბუციის... თარიღი 1987.
300 ## - ფიზიკური აღწერა
Extent 716 გვ. ;
Dimensions 20 სმ.
653 ## - INDEX TERM--UNCONTROLLED
Uncontrolled term ჟამი კითხულისა
653 ## - INDEX TERM--UNCONTROLLED
Uncontrolled term რომანი
653 ## - INDEX TERM--UNCONTROLLED
Uncontrolled term ჩივილი
653 ## - INDEX TERM--UNCONTROLLED
Uncontrolled term შვიდი ხმისა და ტოროლასათვის
653 ## - INDEX TERM--UNCONTROLLED
Uncontrolled term მოთხრობა
700 ## - ADDED ENTRY--PERSONAL NAME
Personal name ინასარიძე, ნ.
Relator term რედაქტორი
9 (RLIN) 1193
700 ## - ADDED ENTRY--PERSONAL NAME
Personal name ფაჩულია, კ.
Relator term მხატვარი
9 (RLIN) 4831
942 ## - ADDED ENTRY ELEMENTS (KOHA)
Koha item type წიგნი
Source of classification or shelving scheme
ეგზემპლარები
ჩამოწერის სტატუსი დაკარგული ეგზემპლარის სტატუსი კლასიფიკაციის წყარო ან თაროზე გაწყობის სქემა დაზიანების სტატუსი არ გაიცემა მუდმივი მდებარეობა (დაცვის ადგილი) ამჟამინდელი ადგილსამყოფელი თაროზე განთავსების ადგილი შეძენის თარიღი ღირებულება, შესყიდვის ნორმალური ფასი სრული შენახვის შიფრი შტრიხკოდი ბოლო ოპერაციის თარიღი ეგზემპლარის მიმდევრობითი ნომერი (კეტერი?) ფასის ძალაში შესვლის თარიღი ეგზემპლარის სახეობა საჯარო შენიშვნა
          ბათუმის შოთა რუსთაველის სახელმწიფო უნივერსიტეტის მთავარი ბიბლიოთეკა ბათუმის შოთა რუსთაველის სახელმწიფო უნივერსიტეტის მთავარი ბიბლიოთეკა წიგნსაცავი 2018-12-17 5.20 821.353.1-31 ბ-65 14137 2018-12-17 14137 2018-12-17 წიგნი 5.20 ლ.
          ბათუმის შოთა რუსთაველის სახელმწიფო უნივერსიტეტის მთავარი ბიბლიოთეკა ბათუმის შოთა რუსთაველის სახელმწიფო უნივერსიტეტის მთავარი ბიბლიოთეკა წიგნსაცავი 2018-12-17 5.20 821.353.1-31 ბ-65 14138 2018-12-17 14138 2018-12-17 წიგნი 5.20 ლ.